LDR 00638naa#a2200169#i#450# 001 EN\\bibl\121581 005 20260511133141.1 011 ## _a1998-6785 100 ## _a20221221b2022####ek#y0engy0150####ca 102 ## _aRU 200 1# _aFinances of the city governments of the Far East in the Last Quarter of the XIX and Early XX Centuries _eJournal article 210 1# _aVladivostok _cVladivostok State University _d2022 215 ## _a10 с. 608 ## _aJournal article _2local 675 ## _aИсторическая наука. Вспомогательные исторические науки. 930 _z 700 #1 _aTrigub _gGeorgiy Ya. 856 4# _aojkum.editorum.ru _u